000 01121cam a2200313 a 4500
999 _c2970
_d2970
001 1685458
003 GBCCL
005 20241126110444.0
008 990414s1999 mou b 000 0 eng
010 _a 99023474
020 _a0570053757
040 _aDLC
_cDLC
_dDLC
043 _an-us---
050 0 0 _aBX8074.P73
_bN86 1999
082 0 0 _a251.0088241
_221
_bNUN
100 1 _aNunes, John.
_96187
245 1 0 _aVoices from the city :
_bissues and images of urban preaching /
_cJohn Nunes.
260 _aSt. Louis :
_bConcordia Pub. House,
_cc1999.
300 _a9 p. ;
_c24 cm.
504 _aIncludes bibliographical references (p. 129-141 ).
610 2 0 _aLutheran Church--Missouri Synod
_xClergy.
_96188
610 2 0 _aEvangelical Lutheran Church in America
_xClergy.
_96189
650 0 _aLutheran preaching.
_96190
650 0 _aCity churches
_zUnited States.
_94409
906 _a7
_bcbc
_corignew
_d1
_eocip
_f19
_gy-gencatlg
942 _2ddc
_cBK